000 00576nam a22001937a 4500
003 IIN
005 20250502113854.0
008 250502s2023 |||ad||| |||| 001 0 eng d
020 _a9789392242915
_cRs.575.00
040 _aIIN
082 _a610.73071
_bBAL
100 _aBalasubramanian, N.
245 _aTextbook of Educational Technology/Nursing Education
_bfor BSc. Nursing Students (Semester V)/
_cN. Balasubhramanian
260 _aPunjab
_bVHS
_c2023
300 _axv, 392 p.
_bill.
500 _aIncludes Index
650 _aEducation
_vTechnology
_xNursing
942 _cBOOK
999 _c1790
_d1790